000 00570nam a2200193Ia 4500
005 20250423101044.0
008 250422s9999 xx 000 0 und d
020 _a9781394154562
050 _aHD 39.5 .S73/
100 _aStanton, Daniel.
245 0 _aSupply Chain Management for Dummies
250 _a3rd Ed.
260 _aIndianapolis
260 _bJohn Wiley and Sons
260 _c2023
300 _axvi, 373p.: ill.
650 _aBusiness logistics. Industrial procurement--Management. Materials management. Physical distribution of goods.
942 _cBK
999 _c35147
_d35147